Concepts in quantum mechanics
Uloženo v:
| Hlavní autor: | |
|---|---|
| Médium: | Kniha |
| Jazyk: | angličtina |
| Vydáno: |
Nueva York
Academic Press
1965
|
| Edice: | Pure and Applied Physics
|
| Témata: | |
| Tagy: |
Přidat tag
Žádné tagy, Buďte první, kdo vytvoří štítek k tomuto záznamu!
|
MARC
| LEADER | 00000nam a2200000 a 4500 | ||
|---|---|---|---|
| 001 | UCO3291 | ||
| 003 | CL-VaPUC | ||
| 008 | 000720e19650000US |||||||||||||||||eng|d | ||
| 082 | 0 | 4 | |a 530.12 |b KAE |2 21 |
| 100 | 0 | |a Kaempffer, F. A |e author |9 447331 | |
| 245 | 1 | 0 | |a Concepts in quantum mechanics |
| 300 | |a 358 p | ||
| 942 | |c BK | ||
| 945 | |d 20000720 00:00:00 |a vberengu | ||
| 260 | |a Nueva York |b Academic Press |c 1965 | ||
| 650 | 0 | |a Gravitación |9 332312 | |
| 650 | 0 | |a Mecánica cuántica |9 306806 | |
| 583 | |a last modification |c 20000720 00:00:00 |k Rodrigo Vera | ||
| 490 | 0 | |a Pure and Applied Physics | |
| 999 | |c 289756 |d 289754 | ||